00630nam a2200157Ia 4500003000900000008004100009040001600050080001800066110004500084245018700129260006500316300001500381650002700396650001900423650003000442IN-BaIIA211028s9999 xx 000 0 eng d cIIA Library a083.7:62bASM aAmerican Society of Mechanical Engineers 0a1980 ASME boiler ad pressure vessel code Section III, division 1 nuclear power components subsectin ND class 3 componentc The American Society of Mechanical Engineers  aNew YorkbThe American Society of Mechanical Engineersc1980 axii, 295p. aMechanical Engineering aNASA Thesaurus aRules-Nuclear Power Plant